<?xml version="1.0" encoding="UTF-8"?>
<marc:record xmlns:marc="http://www.loc.gov/MARC21/slim">
   <marc:leader>00000nam a2200000 a 4500</marc:leader>
   <marc:datafield ind1="1" ind2=" " tag="100">
      <marc:subfield code="a">Lorentz, Iny</marc:subfield>
      <marc:subfield code="4">aut</marc:subfield>
      <marc:subfield code="e">Verfasser/-in</marc:subfield>
   </marc:datafield>
   <marc:datafield ind1="0" ind2="0" tag="245">
      <marc:subfield code="a">Das goldene Ufer (CD)</marc:subfield>
   </marc:datafield>
   <marc:datafield ind1="0" ind2="0" tag="245">
      <marc:subfield code="b">Hörbuch.</marc:subfield>
   </marc:datafield>
   <marc:datafield ind1=" " ind2="1" tag="264">
      <marc:subfield code="b">Lübbe</marc:subfield>
      <marc:subfield code="c">2013</marc:subfield>
   </marc:datafield>
   <marc:datafield ind1="1" ind2=" " tag="520">
      <marc:subfield code="a">Der Beginn der neuen großen Auswanderersaga der Erfolgsautorin! In der Schlacht von Waterloo rettet der junge Walther seinem Kommandeur das Leben. Zum Dank nimmt dieser sich des Waisenjungen an - ebenso wie der kleinen Gisela, deren Vater im Kampf fiel. Beide wachsen von nun an im Schoße der Grafenfamilie auf - sehr zum Unwillen des Grafensohnes, der sie aus tiefstem Herzen verachtet. Jahre später wird aus der Abneigung Hass, denn der Erbe des Grafen will die schöne Gisela für sich. Doch deren Herz schlägt schon lange für Walther - und er erwidert ihre Liebe. Am Ende scheint es für das Paar nur einen Ausweg zu geben -</marc:subfield>
   </marc:datafield>
   <marc:datafield ind1="3" ind2=" " tag="024">
      <marc:subfield code="a">9783785748350</marc:subfield>
   </marc:datafield>
</marc:record>
